01664nam a22002417a 4500003000400000005001700004008004100021010001500062020001800077020001500095040000700110050001500117100002300132245008500155250001300240260005500253300003400308500003500342505093700377650003201314650005501346700002101401OSt20220318102423.0200310b xxu||||| |||| 00| 0 eng d a2011941653 a9780538482431 a0538482435 cLC aHG4026.B76 aBrigham, Eugene F. aFundamentals of financial management. / cEugene F. Brigham and Joel F. Houston. a13th ed. aMason, OH:bSouth-Western Cengage Learning,c2013. axxi, 733 p. :bill. ;c29 cm. aIncludes appendixes and index. a???Content: Part 1: Introduction to financial management:: An overview of financial management -- Financial markets and institutions -- Part 2: Fundamental concepts in financial management: Financial statements, cash flow, and taxes -- Analysis of financial statements -- Time value of money -- Part 3: Financial assets: Interest rates -- Bonds and their valuation -- Risk and rates of return -- Stocks and their valuation -- Part 4: Investing in long-term assets: capital budgeting: The cost of capital -- The basics of capital budgeting -- Cash flow estimation and risk analysis -- Part 4: Capital structure and dividend policy: Capital structure and leverage -- Distributions to shareholders: dividends and share repurchases -- Part 6: Working capital management, forecasting, and multinational financial management: Working capital management -- Financial planning and forecasting -- Multinational financial management.  2 vCorporations -- Finance. 2Business enterprises -- United States -- Finance.  aHouston, Joel F.